LIBRARY & INFORMATION CENTRE, KCAET, TAVANUR

ONLINE PUBLIC ACCESS CATALOGUE (OPAC)

Normal view MARC view
  • Rachana v v

Entry Personal Name

Number of records used in: 2

001 - CONTROL NUMBER

  • control field: 4934

003 - CONTROL NUMBER IDENTIFIER

  • control field: OSt

005 - DATE AND TIME OF LATEST TRANSACTION

  • control field: 20210906112015.0

008 - FIXED-LENGTH DATA ELEMENTS

  • fixed length control field: 210906|| aca||aabn | a|a d

040 ## - CATALOGING SOURCE

  • Original cataloging agency: OSt
  • Transcribing agency: OSt

100 ## - HEADING--PERSONAL NAME

  • Personal name: Rachana v v

670 ## - SOURCE DATA FOUND

  • Source citation: Work cat.: (OSt): Anjali c v 4933, Artificial neural network model for predicton of Runoff, 2021
free website counter